Digital Terrain Modeling: Acquisition, Manipulation and Applications / (Record no. 617294)

000 -LEADER
fixed length control field 00554nam a22001697a 4500
003 - CONTROL NUMBER IDENTIFIER
control field NUST
005 - DATE AND TIME OF LATEST TRANSACTION
control field 20260504163935.0
008 - FIXED-LENGTH DATA ELEMENTS--GENERAL INFORMATION
fixed length control field 260504b ||||| |||| 00| 0 eng d
020 ## - INTERNATIONAL STANDARD BOOK NUMBER
International Standard Book Number 978-1580539210
082 ## - DEWEY DECIMAL CLASSIFICATION NUMBER
Classification number 621.36
Author Mark SHE
100 ## - MAIN ENTRY--PERSONAL NAME
Personal name Naser El-Sheimy, Caterina Valeo, Ayman Habib.
9 (RLIN) 134320
245 ## - TITLE STATEMENT
Title Digital Terrain Modeling: Acquisition, Manipulation and Applications /
Statement of responsibility, etc. Naser El-Sheimy, Caterina Valeo, Ayman Habib.
260 ## - PUBLICATION, DISTRIBUTION, ETC.
Name of publisher, distributor, etc. Artech House Publishers,
Date of publication, distribution, etc. 2005.
300 ## - PHYSICAL DESCRIPTION
Extent 270 p ;
Dimensions 33.5 cm
563 ## - BINDING INFORMATION
Binding note Hardcover
942 ## - ADDED ENTRY ELEMENTS (KOHA)
Source of classification or shelving scheme
Koha item type Book
Holdings
Withdrawn status Lost status Source of classification or shelving scheme Damaged status Not for loan Permanent Location Current Location Date acquired Total Checkouts Full call number Barcode Date last seen Price effective from Koha item type
          Institute of Geographical Information Systems (IGIS) Institute of Geographical Information Systems (IGIS) 05/04/2026   621.36 SHE IGIS-656 05/04/2026 05/04/2026 Book
© 2023 Central Library, National University of Sciences and Technology. All Rights Reserved.